[Event "Sandton SWVG blitz op"]
[Site "Sandton"]
[Date "2019.05.19"]
[Round "6"]
[White "Ruchaka, Kenneth"]
[Black "Zwakala, Ntando"]
[Result "0-1"]
[WhiteElo "1993"]
[BlackElo "2043"]
[PlyCount "71"]
[EventDate "2019.05.19"]
[EventType "swiss (blitz)"]
[EventRounds "10"]
[EventCountry "RSA"]
[SourceTitle "CBM 190 Extra"]
[Source "ChessBase"]
[SourceDate "2019.07.15"]
[SourceVersion "1"]
[SourceVersionDate "2019.07.15"]
[SourceQuality "1"]

1. e4 c5 2. Nc3 e6 3. f4 a6 4. a4 d5 5. e5 Nc6 6. Nf3 h5 7. g3 Be7 8. Bg2 Nh6 9. Ne2 Nf5 10. d3 g6 11. c3 Bd7 12. Neg1 Qc7 13. Nh3 Nh6 14. 0-0 Nf5 15. Qe1 Qb6 16. Kh1 Nh6 17. Nfg1 Na5 18. Be3 Nb3 19. Ra3 Ng4 20. Bf3 Nxe3 21. Qxe3 d4 22. Qe2 c4 23. Raa1 dxc3 24. bxc3 cxd3 25. Qxd3 Nc5 26. Qc2 Bc6 27. a5 Qc7 28. Kg2 Rc8 29. Rfc1 0-0 30. Kf2 Rfd8 31. Rd1 Bb5 32. Be2 Bc6 33. Rd4 Rxd4 34. cxd4 Be4 35. Qd1 Nd7 36. Nf3 0-1